ر ا مپو ر شنا سی (Record no. 92318)

MARC details
000 -LEADER
fixed length control field 00685nam a22002177a 4500
005 - DATE AND TIME OF LATEST TRANSACTION
control field 20150319113855.0
008 - FIXED-LENGTH DATA ELEMENTS--GENERAL INFORMATION
fixed length control field 140714b xxu||||| |||| 00| 0 Urdu d
010 ## - LCCN (DPL NO)
LC control number UR-8743
020 q# - INTERNATIONAL STANDARD BOOK NUMBER
Terms of availability 500.00
International Standard Book Number 9789380279442
035 ## - SYSTEM CONTROL NUMBER
System control number U-7298
037 ## - SOURCE OF ACQUISITION
Source of stock number/acquisition DBAD/Pub.
040 ## - CATALOGING SOURCE
Original cataloging agency DPL
Language of cataloging Urdu
082 ## - DEWEY DECIMAL CLASSIFICATION NUMBER
Classification number 840.8
100 ## - MAIN ENTRY--PERSONAL NAME
Personal name حيلا نی عتيق سا لک
245 ## - TITLE STATEMENT
Title ر ا مپو ر شنا سی
Remainder of title حيلا نی عتيق سا لک
246 ## - VARYING FORM OF TITLE
Title proper/short title Rampur Shanasi
Remainder of title Ateeq Jilani Salik
260 ## - PUBLICATION, DISTRIBUTION, ETC. (IMPRINT)
Place of publication, distribution, etc New Delhi
Name of publisher, distributor, etc Shahid Publications
Date of publication, distribution, etc 2012
270 ## - ADDRESS
Address 2253,Resham Street ,Kucha Chelan Darya Ganj
300 ## - PHYSICAL DESCRIPTION
Extent 596-ص
Other physical details 22Cm.(Pb.)
942 ## - ADDED ENTRY ELEMENTS (KOHA)
Source of classification or shelving scheme Dewey Decimal Classification
Item type Urdu Bks
Classification part 840.8
Call number suffix ج ی ل
Holdings
Withdrawn status Lost status Source of classification or shelving scheme Damaged status Not for loan Collection code Home library Current library Date acquired Source of acquisition Cost, normal purchase price Total Checkouts Full call number Barcode Date last seen Copy number Cost, replacement price Koha item type
    Dewey Decimal Classification   Not For Loan Non-fiction D.B.Act.Division D.B.Act.Division 19/03/2015 DBAD/Pub. 500.00   840.8-ج ی ل U-7298 19/03/2015 1 500.00 Urdu Bks

© Delhi Public Library
Hit Counter
free hit counter